<?xml version="1.0" encoding="UTF-8"?>
<record
    xmlns:xsi="http://www.w3.org/2001/XMLSchema-instance"
    xsi:schemaLocation="http://www.loc.gov/MARC21/slim http://www.loc.gov/standards/marcxml/schema/MARC21slim.xsd"
    xmlns="http://www.loc.gov/MARC21/slim">

  <leader>00928nas a2200277 454500</leader>
  <controlfield tag="001">27140</controlfield>
  <controlfield tag="005">20260407193507.0</controlfield>
  <controlfield tag="008">260407s1997####ag###########|||spa#d</controlfield>
  <controlfield tag="003">AR-UNSa-BCEJYS</controlfield>
  <datafield tag="040" ind1=" " ind2=" ">
    <subfield code="a">AR-UNSa-BCEJYS</subfield>
    <subfield code="b">spa</subfield>
    <subfield code="c">AR-UNSa-BCEJYS</subfield>
  </datafield>
  <datafield tag="080" ind1=" " ind2=" ">
    <subfield code="a">311.3</subfield>
    <subfield code="x">Organizaci&#xF3;n general de las estadisticas. Estad&#xED;stica oficial</subfield>
  </datafield>
  <datafield tag="245" ind1="1" ind2="0">
    <subfield code="a">Encuesta de supermercados</subfield>
    <subfield code="p">informaci&#xF3;n de prensa</subfield>
  </datafield>
  <datafield tag="264" ind1=" " ind2="1">
    <subfield code="a">Buenos Aires :</subfield>
    <subfield code="b">INDEC</subfield>
    <subfield code="c">1997</subfield>
  </datafield>
  <datafield tag="310" ind1=" " ind2=" ">
    <subfield code="a">Frecuencia: Mensual</subfield>
  </datafield>
  <datafield tag="942" ind1=" " ind2=" ">
    <subfield code="c">SER</subfield>
  </datafield>
  <datafield tag="590" ind1=" " ind2=" ">
    <subfield code="a">niveau_biblio:s niveau_hierar:1</subfield>
  </datafield>
  <datafield tag="100" ind1="1" ind2=" ">
    <subfield code="a">Instituto Nacional de Estad&#xED;stica y Censos (INDEC)</subfield>
  </datafield>
  <datafield tag="650" ind1=" " ind2=" ">
    <subfield code="a">Precio</subfield>
  </datafield>
  <datafield tag="650" ind1=" " ind2=" ">
    <subfield code="a">Comercio</subfield>
  </datafield>
  <datafield tag="650" ind1=" " ind2=" ">
    <subfield code="a">Datos estad&#xED;sticos</subfield>
  </datafield>
  <datafield tag="650" ind1=" " ind2=" ">
    <subfield code="a">Encuesta</subfield>
  </datafield>
  <datafield tag="650" ind1=" " ind2=" ">
    <subfield code="a">Comercio interno</subfield>
  </datafield>
  <datafield tag="650" ind1=" " ind2=" ">
    <subfield code="a">VENTA</subfield>
  </datafield>
  <datafield tag="650" ind1=" " ind2=" ">
    <subfield code="a">COMERCIO MINORISTA</subfield>
  </datafield>
  <datafield tag="856" ind1="4" ind2="1">
    <subfield code="u">https://biblioeco.unsa.edu.ar/pmb/images/revistas/Encuesta de Supermecado-r13142.jpg</subfield>
    <subfield code="y">Imagen de portada</subfield>
    <subfield code="q">image/jpeg</subfield>
  </datafield>
  <datafield tag="999" ind1=" " ind2=" ">
    <subfield code="c">8618</subfield>
    <subfield code="d">8618</subfield>
  </datafield>
  <datafield tag="952" ind1=" " ind2=" ">
    <subfield code="0">0</subfield>
    <subfield code="1">0</subfield>
    <subfield code="4">0</subfield>
    <subfield code="7">0</subfield>
    <subfield code="a">BCEJYS</subfield>
    <subfield code="b">BCEJYS</subfield>
    <subfield code="c">17</subfield>
    <subfield code="d">2000-10-25</subfield>
    <subfield code="h">oct. 2000</subfield>
    <subfield code="l">0</subfield>
    <subfield code="o">H311.3 SUP 10.2000</subfield>
    <subfield code="p">R13121</subfield>
    <subfield code="r">2026-04-10 16:08:34</subfield>
    <subfield code="w">2026-04-10</subfield>
    <subfield code="y">RN</subfield>
  </datafield>
  <datafield tag="952" ind1=" " ind2=" ">
    <subfield code="0">0</subfield>
    <subfield code="1">0</subfield>
    <subfield code="4">0</subfield>
    <subfield code="7">0</subfield>
    <subfield code="a">BCEJYS</subfield>
    <subfield code="b">BCEJYS</subfield>
    <subfield code="c">17</subfield>
    <subfield code="d">2000-09-26</subfield>
    <subfield code="h">sep. 2000</subfield>
    <subfield code="l">0</subfield>
    <subfield code="o">H311.3 SUP 9.2000</subfield>
    <subfield code="p">R13153</subfield>
    <subfield code="r">2026-04-10 16:08:34</subfield>
    <subfield code="w">2026-04-10</subfield>
    <subfield code="y">RN</subfield>
  </datafield>
  <datafield tag="952" ind1=" " ind2=" ">
    <subfield code="0">0</subfield>
    <subfield code="1">0</subfield>
    <subfield code="4">0</subfield>
    <subfield code="7">0</subfield>
    <subfield code="a">BCEJYS</subfield>
    <subfield code="b">BCEJYS</subfield>
    <subfield code="c">17</subfield>
    <subfield code="d">2000-07-26</subfield>
    <subfield code="h">jul. 2000</subfield>
    <subfield code="l">0</subfield>
    <subfield code="o">H311.3 SUP 7.2000</subfield>
    <subfield code="p">R13152</subfield>
    <subfield code="r">2026-04-10 16:08:34</subfield>
    <subfield code="w">2026-04-10</subfield>
    <subfield code="y">RN</subfield>
  </datafield>
  <datafield tag="952" ind1=" " ind2=" ">
    <subfield code="0">0</subfield>
    <subfield code="1">0</subfield>
    <subfield code="4">0</subfield>
    <subfield code="7">0</subfield>
    <subfield code="a">BCEJYS</subfield>
    <subfield code="b">BCEJYS</subfield>
    <subfield code="c">17</subfield>
    <subfield code="d">2000-06-26</subfield>
    <subfield code="h">jun. 2000</subfield>
    <subfield code="l">0</subfield>
    <subfield code="o">H311.3 SUP 6.2000</subfield>
    <subfield code="p">R13151</subfield>
    <subfield code="r">2026-04-10 16:08:34</subfield>
    <subfield code="w">2026-04-10</subfield>
    <subfield code="y">RN</subfield>
  </datafield>
  <datafield tag="952" ind1=" " ind2=" ">
    <subfield code="0">0</subfield>
    <subfield code="1">0</subfield>
    <subfield code="4">0</subfield>
    <subfield code="7">0</subfield>
    <subfield code="a">BCEJYS</subfield>
    <subfield code="b">BCEJYS</subfield>
    <subfield code="c">17</subfield>
    <subfield code="d">2000-05-26</subfield>
    <subfield code="h">mayo 2000</subfield>
    <subfield code="l">0</subfield>
    <subfield code="o">H311.3 SUP 5.2000</subfield>
    <subfield code="p">R13150</subfield>
    <subfield code="r">2026-04-10 16:08:34</subfield>
    <subfield code="w">2026-04-10</subfield>
    <subfield code="y">RN</subfield>
  </datafield>
  <datafield tag="952" ind1=" " ind2=" ">
    <subfield code="0">0</subfield>
    <subfield code="1">0</subfield>
    <subfield code="4">0</subfield>
    <subfield code="7">0</subfield>
    <subfield code="a">BCEJYS</subfield>
    <subfield code="b">BCEJYS</subfield>
    <subfield code="c">17</subfield>
    <subfield code="d">2000-04-27</subfield>
    <subfield code="h">abr. 2000</subfield>
    <subfield code="l">0</subfield>
    <subfield code="o">H311.3 SUP 4.2000</subfield>
    <subfield code="p">R13149</subfield>
    <subfield code="r">2026-04-10 16:08:34</subfield>
    <subfield code="w">2026-04-10</subfield>
    <subfield code="y">RN</subfield>
  </datafield>
  <datafield tag="952" ind1=" " ind2=" ">
    <subfield code="0">0</subfield>
    <subfield code="1">0</subfield>
    <subfield code="4">0</subfield>
    <subfield code="7">0</subfield>
    <subfield code="a">BCEJYS</subfield>
    <subfield code="b">BCEJYS</subfield>
    <subfield code="c">17</subfield>
    <subfield code="d">2000-03-27</subfield>
    <subfield code="h">mar. 2000</subfield>
    <subfield code="l">0</subfield>
    <subfield code="o">H311.3 SUP 3.2000</subfield>
    <subfield code="p">R13148</subfield>
    <subfield code="r">2026-04-10 16:08:34</subfield>
    <subfield code="w">2026-04-10</subfield>
    <subfield code="y">RN</subfield>
  </datafield>
  <datafield tag="952" ind1=" " ind2=" ">
    <subfield code="0">0</subfield>
    <subfield code="1">0</subfield>
    <subfield code="4">0</subfield>
    <subfield code="7">0</subfield>
    <subfield code="a">BCEJYS</subfield>
    <subfield code="b">BCEJYS</subfield>
    <subfield code="c">17</subfield>
    <subfield code="d">2000-02-25</subfield>
    <subfield code="h">feb. 2000</subfield>
    <subfield code="l">0</subfield>
    <subfield code="o">H311.3 SUP 2.2000</subfield>
    <subfield code="p">R13147</subfield>
    <subfield code="r">2026-04-10 16:08:34</subfield>
    <subfield code="w">2026-04-10</subfield>
    <subfield code="y">RN</subfield>
  </datafield>
  <datafield tag="952" ind1=" " ind2=" ">
    <subfield code="0">0</subfield>
    <subfield code="1">0</subfield>
    <subfield code="4">0</subfield>
    <subfield code="7">0</subfield>
    <subfield code="a">BCEJYS</subfield>
    <subfield code="b">BCEJYS</subfield>
    <subfield code="c">17</subfield>
    <subfield code="d">2000-01-28</subfield>
    <subfield code="h">ene. 2000</subfield>
    <subfield code="l">0</subfield>
    <subfield code="o">H311.3 SUP 1.2000</subfield>
    <subfield code="p">R13146</subfield>
    <subfield code="r">2026-04-10 16:08:34</subfield>
    <subfield code="w">2026-04-10</subfield>
    <subfield code="y">RN</subfield>
  </datafield>
  <datafield tag="952" ind1=" " ind2=" ">
    <subfield code="0">0</subfield>
    <subfield code="1">0</subfield>
    <subfield code="4">0</subfield>
    <subfield code="7">0</subfield>
    <subfield code="a">BCEJYS</subfield>
    <subfield code="b">BCEJYS</subfield>
    <subfield code="c">17</subfield>
    <subfield code="d">1999-12-27</subfield>
    <subfield code="h">dic. 1999</subfield>
    <subfield code="l">0</subfield>
    <subfield code="o">H311.3 SUP 12.1999</subfield>
    <subfield code="p">R13145</subfield>
    <subfield code="r">2026-04-10 16:08:34</subfield>
    <subfield code="w">2026-04-10</subfield>
    <subfield code="y">RN</subfield>
  </datafield>
  <datafield tag="952" ind1=" " ind2=" ">
    <subfield code="0">0</subfield>
    <subfield code="1">0</subfield>
    <subfield code="4">0</subfield>
    <subfield code="7">0</subfield>
    <subfield code="a">BCEJYS</subfield>
    <subfield code="b">BCEJYS</subfield>
    <subfield code="c">17</subfield>
    <subfield code="d">1999-11-25</subfield>
    <subfield code="h">nov. 1999</subfield>
    <subfield code="l">0</subfield>
    <subfield code="o">H311.3 SUP 11.1999</subfield>
    <subfield code="p">R13144</subfield>
    <subfield code="r">2026-04-10 16:08:34</subfield>
    <subfield code="w">2026-04-10</subfield>
    <subfield code="y">RN</subfield>
  </datafield>
  <datafield tag="952" ind1=" " ind2=" ">
    <subfield code="0">0</subfield>
    <subfield code="1">0</subfield>
    <subfield code="4">0</subfield>
    <subfield code="7">0</subfield>
    <subfield code="a">BCEJYS</subfield>
    <subfield code="b">BCEJYS</subfield>
    <subfield code="c">17</subfield>
    <subfield code="d">1999-09-25</subfield>
    <subfield code="h">sep. 1999</subfield>
    <subfield code="l">0</subfield>
    <subfield code="o">H311.3 SUP 9/1.1999</subfield>
    <subfield code="p">R13143</subfield>
    <subfield code="r">2026-04-10 16:08:35</subfield>
    <subfield code="w">2026-04-10</subfield>
    <subfield code="y">RN</subfield>
  </datafield>
  <datafield tag="952" ind1=" " ind2=" ">
    <subfield code="0">0</subfield>
    <subfield code="1">0</subfield>
    <subfield code="4">0</subfield>
    <subfield code="7">0</subfield>
    <subfield code="a">BCEJYS</subfield>
    <subfield code="b">BCEJYS</subfield>
    <subfield code="c">17</subfield>
    <subfield code="d">1999-09-24</subfield>
    <subfield code="h">sep. 1999</subfield>
    <subfield code="l">0</subfield>
    <subfield code="o">H311.3 SUP 9.1999</subfield>
    <subfield code="p">R13142</subfield>
    <subfield code="r">2026-04-10 16:08:35</subfield>
    <subfield code="w">2026-04-10</subfield>
    <subfield code="y">RN</subfield>
  </datafield>
  <datafield tag="952" ind1=" " ind2=" ">
    <subfield code="0">0</subfield>
    <subfield code="1">0</subfield>
    <subfield code="4">0</subfield>
    <subfield code="7">0</subfield>
    <subfield code="a">BCEJYS</subfield>
    <subfield code="b">BCEJYS</subfield>
    <subfield code="c">17</subfield>
    <subfield code="d">1999-08-25</subfield>
    <subfield code="h">ago. 1999</subfield>
    <subfield code="l">0</subfield>
    <subfield code="o">H311.3 SUP 8.1999</subfield>
    <subfield code="p">R13141</subfield>
    <subfield code="r">2026-04-10 16:08:35</subfield>
    <subfield code="w">2026-04-10</subfield>
    <subfield code="y">RN</subfield>
  </datafield>
  <datafield tag="952" ind1=" " ind2=" ">
    <subfield code="0">0</subfield>
    <subfield code="1">0</subfield>
    <subfield code="4">0</subfield>
    <subfield code="7">0</subfield>
    <subfield code="a">BCEJYS</subfield>
    <subfield code="b">BCEJYS</subfield>
    <subfield code="c">17</subfield>
    <subfield code="d">1999-07-26</subfield>
    <subfield code="h">jul. 1999</subfield>
    <subfield code="l">0</subfield>
    <subfield code="o">H311.3 SUP 7.1999</subfield>
    <subfield code="p">R13140</subfield>
    <subfield code="r">2026-04-10 16:08:35</subfield>
    <subfield code="w">2026-04-10</subfield>
    <subfield code="y">RN</subfield>
  </datafield>
  <datafield tag="952" ind1=" " ind2=" ">
    <subfield code="0">0</subfield>
    <subfield code="1">0</subfield>
    <subfield code="4">0</subfield>
    <subfield code="7">0</subfield>
    <subfield code="a">BCEJYS</subfield>
    <subfield code="b">BCEJYS</subfield>
    <subfield code="c">17</subfield>
    <subfield code="d">1999-06-24</subfield>
    <subfield code="h">jun. 1999</subfield>
    <subfield code="l">0</subfield>
    <subfield code="o">H311.3 SUP 6.1999</subfield>
    <subfield code="p">R13139</subfield>
    <subfield code="r">2026-04-10 16:08:35</subfield>
    <subfield code="w">2026-04-10</subfield>
    <subfield code="y">RN</subfield>
  </datafield>
  <datafield tag="952" ind1=" " ind2=" ">
    <subfield code="0">0</subfield>
    <subfield code="1">0</subfield>
    <subfield code="4">0</subfield>
    <subfield code="7">0</subfield>
    <subfield code="a">BCEJYS</subfield>
    <subfield code="b">BCEJYS</subfield>
    <subfield code="c">17</subfield>
    <subfield code="d">1999-05-24</subfield>
    <subfield code="h">mayo 1999</subfield>
    <subfield code="l">0</subfield>
    <subfield code="o">H311.3 SUP 5.1999</subfield>
    <subfield code="p">R13138</subfield>
    <subfield code="r">2026-04-10 16:08:35</subfield>
    <subfield code="w">2026-04-10</subfield>
    <subfield code="y">RN</subfield>
  </datafield>
  <datafield tag="952" ind1=" " ind2=" ">
    <subfield code="0">0</subfield>
    <subfield code="1">0</subfield>
    <subfield code="4">0</subfield>
    <subfield code="7">0</subfield>
    <subfield code="a">BCEJYS</subfield>
    <subfield code="b">BCEJYS</subfield>
    <subfield code="c">17</subfield>
    <subfield code="d">1999-04-26</subfield>
    <subfield code="h">abr. 1999</subfield>
    <subfield code="l">0</subfield>
    <subfield code="o">H311.3 SUP 4.1999</subfield>
    <subfield code="p">R13137</subfield>
    <subfield code="r">2026-04-10 16:08:35</subfield>
    <subfield code="w">2026-04-10</subfield>
    <subfield code="y">RN</subfield>
  </datafield>
  <datafield tag="952" ind1=" " ind2=" ">
    <subfield code="0">0</subfield>
    <subfield code="1">0</subfield>
    <subfield code="4">0</subfield>
    <subfield code="7">0</subfield>
    <subfield code="a">BCEJYS</subfield>
    <subfield code="b">BCEJYS</subfield>
    <subfield code="c">17</subfield>
    <subfield code="d">1999-03-24</subfield>
    <subfield code="h">mar. 1999</subfield>
    <subfield code="l">0</subfield>
    <subfield code="o">H311.3 SUP 3.1999</subfield>
    <subfield code="p">R13136</subfield>
    <subfield code="r">2026-04-10 16:08:35</subfield>
    <subfield code="w">2026-04-10</subfield>
    <subfield code="y">RN</subfield>
  </datafield>
  <datafield tag="952" ind1=" " ind2=" ">
    <subfield code="0">0</subfield>
    <subfield code="1">0</subfield>
    <subfield code="4">0</subfield>
    <subfield code="7">0</subfield>
    <subfield code="a">BCEJYS</subfield>
    <subfield code="b">BCEJYS</subfield>
    <subfield code="c">17</subfield>
    <subfield code="d">1999-02-24</subfield>
    <subfield code="h">feb. 1999</subfield>
    <subfield code="l">0</subfield>
    <subfield code="o">H311.3 SUP 2.1999</subfield>
    <subfield code="p">R13135</subfield>
    <subfield code="r">2026-04-10 16:08:35</subfield>
    <subfield code="w">2026-04-10</subfield>
    <subfield code="y">RN</subfield>
  </datafield>
  <datafield tag="952" ind1=" " ind2=" ">
    <subfield code="0">0</subfield>
    <subfield code="1">0</subfield>
    <subfield code="4">0</subfield>
    <subfield code="7">0</subfield>
    <subfield code="a">BCEJYS</subfield>
    <subfield code="b">BCEJYS</subfield>
    <subfield code="c">17</subfield>
    <subfield code="d">1999-01-27</subfield>
    <subfield code="h">ene. 1999</subfield>
    <subfield code="l">0</subfield>
    <subfield code="o">H311.3 SUP 1.1999</subfield>
    <subfield code="p">R13134</subfield>
    <subfield code="r">2026-04-10 16:08:35</subfield>
    <subfield code="w">2026-04-10</subfield>
    <subfield code="y">RN</subfield>
  </datafield>
  <datafield tag="952" ind1=" " ind2=" ">
    <subfield code="0">0</subfield>
    <subfield code="1">0</subfield>
    <subfield code="4">0</subfield>
    <subfield code="7">0</subfield>
    <subfield code="a">BCEJYS</subfield>
    <subfield code="b">BCEJYS</subfield>
    <subfield code="c">17</subfield>
    <subfield code="d">1998-12-28</subfield>
    <subfield code="h">dic. 1998</subfield>
    <subfield code="l">0</subfield>
    <subfield code="o">H311.3 SUP 12.1998</subfield>
    <subfield code="p">R13133</subfield>
    <subfield code="r">2026-04-10 16:08:35</subfield>
    <subfield code="w">2026-04-10</subfield>
    <subfield code="y">RN</subfield>
  </datafield>
  <datafield tag="952" ind1=" " ind2=" ">
    <subfield code="0">0</subfield>
    <subfield code="1">0</subfield>
    <subfield code="4">0</subfield>
    <subfield code="7">0</subfield>
    <subfield code="a">BCEJYS</subfield>
    <subfield code="b">BCEJYS</subfield>
    <subfield code="c">17</subfield>
    <subfield code="d">1998-11-24</subfield>
    <subfield code="h">nov. 1998</subfield>
    <subfield code="l">0</subfield>
    <subfield code="o">H311.3 SUP 11.1998</subfield>
    <subfield code="p">R13132</subfield>
    <subfield code="r">2026-04-10 16:08:35</subfield>
    <subfield code="w">2026-04-10</subfield>
    <subfield code="y">RN</subfield>
  </datafield>
  <datafield tag="952" ind1=" " ind2=" ">
    <subfield code="0">0</subfield>
    <subfield code="1">0</subfield>
    <subfield code="4">0</subfield>
    <subfield code="7">0</subfield>
    <subfield code="a">BCEJYS</subfield>
    <subfield code="b">BCEJYS</subfield>
    <subfield code="c">17</subfield>
    <subfield code="d">1998-10-26</subfield>
    <subfield code="h">oct. 1998</subfield>
    <subfield code="l">0</subfield>
    <subfield code="o">H311.3 SUP 10.1998</subfield>
    <subfield code="p">R13131</subfield>
    <subfield code="r">2026-04-10 16:08:35</subfield>
    <subfield code="w">2026-04-10</subfield>
    <subfield code="y">RN</subfield>
  </datafield>
  <datafield tag="952" ind1=" " ind2=" ">
    <subfield code="0">0</subfield>
    <subfield code="1">0</subfield>
    <subfield code="4">0</subfield>
    <subfield code="7">0</subfield>
    <subfield code="a">BCEJYS</subfield>
    <subfield code="b">BCEJYS</subfield>
    <subfield code="c">17</subfield>
    <subfield code="d">1998-08-26</subfield>
    <subfield code="h">ago. 1998</subfield>
    <subfield code="l">0</subfield>
    <subfield code="o">H311.3 SUP 8.1998</subfield>
    <subfield code="p">R13130</subfield>
    <subfield code="r">2026-04-10 16:08:35</subfield>
    <subfield code="w">2026-04-10</subfield>
    <subfield code="y">RN</subfield>
  </datafield>
  <datafield tag="952" ind1=" " ind2=" ">
    <subfield code="0">0</subfield>
    <subfield code="1">0</subfield>
    <subfield code="4">0</subfield>
    <subfield code="7">0</subfield>
    <subfield code="a">BCEJYS</subfield>
    <subfield code="b">BCEJYS</subfield>
    <subfield code="c">17</subfield>
    <subfield code="d">1998-06-24</subfield>
    <subfield code="h">jun. 1998</subfield>
    <subfield code="l">0</subfield>
    <subfield code="o">H311.3 SUP 6.1998</subfield>
    <subfield code="p">R13129</subfield>
    <subfield code="r">2026-04-10 16:08:35</subfield>
    <subfield code="w">2026-04-10</subfield>
    <subfield code="y">RN</subfield>
  </datafield>
  <datafield tag="952" ind1=" " ind2=" ">
    <subfield code="0">0</subfield>
    <subfield code="1">0</subfield>
    <subfield code="4">0</subfield>
    <subfield code="7">0</subfield>
    <subfield code="a">BCEJYS</subfield>
    <subfield code="b">BCEJYS</subfield>
    <subfield code="c">17</subfield>
    <subfield code="d">1998-04-24</subfield>
    <subfield code="h">abr. 1998</subfield>
    <subfield code="l">0</subfield>
    <subfield code="o">H311.3 SUP 4.1998</subfield>
    <subfield code="p">R13128</subfield>
    <subfield code="r">2026-04-10 16:08:35</subfield>
    <subfield code="w">2026-04-10</subfield>
    <subfield code="y">RN</subfield>
  </datafield>
  <datafield tag="952" ind1=" " ind2=" ">
    <subfield code="0">0</subfield>
    <subfield code="1">0</subfield>
    <subfield code="4">0</subfield>
    <subfield code="7">0</subfield>
    <subfield code="a">BCEJYS</subfield>
    <subfield code="b">BCEJYS</subfield>
    <subfield code="c">17</subfield>
    <subfield code="d">1998-03-24</subfield>
    <subfield code="h">mar. 1998</subfield>
    <subfield code="l">0</subfield>
    <subfield code="o">H311.3 SUP 3.1998</subfield>
    <subfield code="p">R13127</subfield>
    <subfield code="r">2026-04-10 16:08:35</subfield>
    <subfield code="w">2026-04-10</subfield>
    <subfield code="y">RN</subfield>
  </datafield>
  <datafield tag="952" ind1=" " ind2=" ">
    <subfield code="0">0</subfield>
    <subfield code="1">0</subfield>
    <subfield code="4">0</subfield>
    <subfield code="7">0</subfield>
    <subfield code="a">BCEJYS</subfield>
    <subfield code="b">BCEJYS</subfield>
    <subfield code="c">17</subfield>
    <subfield code="d">1998-02-24</subfield>
    <subfield code="h">feb. 1998</subfield>
    <subfield code="l">0</subfield>
    <subfield code="o">H311.3 SUP 2.1998</subfield>
    <subfield code="p">R13126</subfield>
    <subfield code="r">2026-04-10 16:08:35</subfield>
    <subfield code="w">2026-04-10</subfield>
    <subfield code="y">RN</subfield>
  </datafield>
  <datafield tag="952" ind1=" " ind2=" ">
    <subfield code="0">0</subfield>
    <subfield code="1">0</subfield>
    <subfield code="4">0</subfield>
    <subfield code="7">0</subfield>
    <subfield code="a">BCEJYS</subfield>
    <subfield code="b">BCEJYS</subfield>
    <subfield code="c">17</subfield>
    <subfield code="d">1998-01-26</subfield>
    <subfield code="h">ene. 1998</subfield>
    <subfield code="l">0</subfield>
    <subfield code="o">H311.3 SUP 1.1998</subfield>
    <subfield code="p">R13125</subfield>
    <subfield code="r">2026-04-10 16:08:35</subfield>
    <subfield code="w">2026-04-10</subfield>
    <subfield code="y">RN</subfield>
  </datafield>
  <datafield tag="952" ind1=" " ind2=" ">
    <subfield code="0">0</subfield>
    <subfield code="1">0</subfield>
    <subfield code="4">0</subfield>
    <subfield code="7">0</subfield>
    <subfield code="a">BCEJYS</subfield>
    <subfield code="b">BCEJYS</subfield>
    <subfield code="c">17</subfield>
    <subfield code="d">1997-12-23</subfield>
    <subfield code="h">dic. 1997</subfield>
    <subfield code="l">0</subfield>
    <subfield code="o">H311.3 SUP 12.1997</subfield>
    <subfield code="p">R13124</subfield>
    <subfield code="r">2026-04-10 16:08:35</subfield>
    <subfield code="w">2026-04-10</subfield>
    <subfield code="y">RN</subfield>
  </datafield>
  <datafield tag="952" ind1=" " ind2=" ">
    <subfield code="0">0</subfield>
    <subfield code="1">0</subfield>
    <subfield code="4">0</subfield>
    <subfield code="7">0</subfield>
    <subfield code="a">BCEJYS</subfield>
    <subfield code="b">BCEJYS</subfield>
    <subfield code="c">17</subfield>
    <subfield code="d">1997-11-24</subfield>
    <subfield code="h">nov. 1997</subfield>
    <subfield code="l">0</subfield>
    <subfield code="o">H311.3 SUP 11.1997</subfield>
    <subfield code="p">R13123</subfield>
    <subfield code="r">2026-04-10 16:08:35</subfield>
    <subfield code="w">2026-04-10</subfield>
    <subfield code="y">RN</subfield>
  </datafield>
  <datafield tag="952" ind1=" " ind2=" ">
    <subfield code="0">0</subfield>
    <subfield code="1">0</subfield>
    <subfield code="4">0</subfield>
    <subfield code="7">0</subfield>
    <subfield code="a">BCEJYS</subfield>
    <subfield code="b">BCEJYS</subfield>
    <subfield code="c">17</subfield>
    <subfield code="d">1997-10-24</subfield>
    <subfield code="h">oct. 1997</subfield>
    <subfield code="l">0</subfield>
    <subfield code="o">H311.3 SUP 10.1997</subfield>
    <subfield code="p">R13122</subfield>
    <subfield code="r">2026-04-10 16:08:35</subfield>
    <subfield code="w">2026-04-10</subfield>
    <subfield code="y">RN</subfield>
  </datafield>
</record>
